| 000 | 01197cam a2200361Ia 4500 | ||
|---|---|---|---|
| 001 | 72834 | ||
| 005 | 20230410132720.0 | ||
| 008 | 950627s2008 mx b 000 0 spa d | ||
| 035 | _a(OCoLC)ocm32717952 | ||
| 040 |
_aNYP _cNYP _dAZS _dEL$ _dOCLCQ |
||
| 019 | _a37776140 | ||
| 020 | _a9682319102 | ||
| 020 | _a9789682319105 | ||
| 035 |
_a(OCoLC)32717952 _z(OCoLC)37776140 |
||
| 043 | _an-mx--- | ||
| 050 | 1 | 4 |
_aQ 127 _bC414c 2008 |
| 049 | _aGRAL | ||
| 100 | 1 | _aCereijido, Marcelino. | |
| 245 | 1 | 0 |
_aCiencia sin seso, locura doble : _bestás seguro de que te quieres dedicar a la investigación científica en un país subdesarrollado? / _cpor Marcelino Cereijido. |
| 250 | _a7a ed. | ||
| 260 |
_aMéxico, D.F. : _bSiglo Veintiuno Editores, _c2008. |
||
| 300 |
_a287 p. ; _c22 cm. |
||
| 490 | 1 | _aCiencia y técnica | |
| 650 | 0 |
_aScience and state _zMexico. |
|
| 650 | 0 |
_aScience _zMexico _xPhilosophy. |
|
| 650 | 0 |
_aResearch _zMexico _xPhilosophy. |
|
| 650 | 4 | _aReligión y ciencia. | |
| 650 | 4 | _aTecnología y civilización. | |
| 651 | 4 |
_aPaíses subdesarrollados _xInvestigación. |
|
| 830 | 0 | _aCiencia y técnica (Mexico City, Mexico) | |
| 942 |
_2lcc _cbk |
||
| 994 |
_aC0 _bDRFGD |
||
| 999 |
_c86396 _d86396 |
||